[Event "World Amateur-ch U2300"]
[Site "Chalkidiki"]
[Date "2016.04.24"]
[Round "6"]
[White "Damia, Angelo"]
[Black "Tserendorj, Batsaikhan"]
[Result "0-1"]
[WhiteElo "2268"]
[BlackElo "2081"]
[PlyCount "112"]
[EventDate "2016.04.19"]
[EventType "swiss"]
[EventRounds "9"]
[EventCountry "GRE"]
[SourceTitle "CBM 172 Extra"]
[Source "ChessBase"]
[SourceDate "2016.06.21"]
[SourceVersion "1"]
[SourceVersionDate "2016.06.21"]
[SourceQuality "1"]

1. e4 e5 2. Nc3 Nf6 3. a3 Nc6 4. Nf3 Be7 5. d4 exd4 6. Nxd4 0-0 7. Be2 d5 8. exd5 Nxd5 9. Nxc6 bxc6 10. Ne4 f5 11. Nd2 Bd6 12. Nc4 Ba6 13. Nxd6 Bxe2 14. Qxe2 cxd6 15. 0-0 f4 16. c4 Ne7 17. Rd1 Rf6 18. Qf3 Qf8 19. b4 Rc8 20. Bb2 Rg6 21. Rd4 Rf6 22. Re1 Ng6 23. Rde4 Rf5 24. Qc3 Qf7 25. Re8+ Rxe8 26. Rxe8+ Nf8 27. Qe1 Qxc4 28. Qe7 Qf7 29. Qxf7+ Kxf7 30. Ra8 a5 31. Rxa5 Rxa5 32. bxa5 Ne6 33. f3 Nc5 34. h4 g6 35. Bc1 Ke6 36. Bxf4 d5 37. Kf2 d4 38. Bh6 Na6 39. g4 c5 40. f4 c4 41. Bg7 Kd5 42. f5 gxf5 43. gxf5 Nc5 44. f6 Nd3+ 45. Ke2 Ne5 46. Bf8 d3+ 47. Kd2 Nf3+ 48. Kc3 d2 49. Kc2 c3 50. Bb4 Ne1+ 51. Kd1 Kc4 52. f7 Ng2 53. Bxc3 Kxc3 54. f8Q Ne3+ 55. Ke2 d1Q+ 56. Kxe3 Qe1+ 0-1

[Event "Olomouc op 18th"]
[Site "Olomouc"]
[Date "2015.08.16"]
[Round "3"]
[White "Tserendorj, Batsaikhan"]
[Black "Studnicka, Tomas"]
[Result "0-1"]
[WhiteElo "2049"]
[BlackElo "2383"]
[PlyCount "56"]
[EventDate "2015.08.15"]
[EventType "swiss"]
[EventRounds "9"]
[EventCountry "CZE"]
[SourceTitle "EXT 2016"]
[Source "ChessBase"]
[SourceDate "2015.10.08"]
[SourceVersion "1"]
[SourceVersionDate "2015.10.08"]
[SourceQuality "1"]

1. d4 Nf6 2. Nf3 g6 3. c4 Bg7 4. Nc3 d5 5. cxd5 Nxd5 6. e4 Nxc3 7. bxc3 c5 8. Be3 Qa5 9. Nd2 cxd4 10. Nc4 Qc7 11. cxd4 0-0 12. Rc1 Rd8 13. Be2 Bxd4 14. Bxd4 Nc6 15. Ne3 Qa5+ 16. Bc3 Rxd1+ 17. Bxd1 Qxa2 18. 0-0 Qe6 19. Bf3 Qb3 20. Bd1 Qa3 21. Be2 Be6 22. f4 Qc5 23. Kf2 Rd8 24. Ba1 Qb4 25. Rfd1 Qxe4 26. Bf3 Rxd1 27. Rxd1 Qxf4 28. g3 Qc7 0-1

[Event "Prague Summer op-B 2nd"]
[Site "Prague"]
[Date "2015.08.13"]
[Round "8"]
[White "Tserendorj, Batsaikhan"]
[Black "Vlasak, Reinhard"]
[Result "1-0"]
[WhiteElo "2049"]
[BlackElo "2044"]
[PlyCount "133"]
[EventDate "2015.08.07"]
[EventType "swiss"]
[EventRounds "9"]
[EventCountry "CZE"]
[SourceTitle "EXT 2017"]
[Source "ChessBase"]
[SourceDate "2016.10.25"]
[SourceVersion "1"]
[SourceVersionDate "2016.10.25"]
[SourceQuality "1"]

1. d4 d5 2. Nf3 e6 3. Bf4 c5 4. e3 Nc6 5. Nbd2 Bd6 6. Bg3 Nf6 7. c3 0-0 8. Bd3 Qc7 9. dxc5 Bxg3 10. hxg3 e5 11. e4 dxe4 12. Nxe4 Nxe4 13. Bxe4 h6 14. Qd6 Qxd6 15. cxd6 Re8 16. Bxc6 bxc6 17. 0-0-0 Bd7 18. Rhe1 f6 19. Nd2 Be6 20. b3 a5 21. a4 Rab8 22. c4 Red8 23. Ne4 Rxb3 24. Nc5 Bxc4 25. Nxb3 Bxb3 26. Rd2 Bxa4 27. Kb2 Kf7 28. Ra1 Bb5 29. Rxa5 Ke6 30. Ra7 Rxd6 31. Rxd6+ Kxd6 32. Rxg7 Bf1 33. Rg6 Ke6 34. Rxh6 Bxg2 35. Kc3 Kf5 36. Kb4 Kg5 37. Rh8 Bd5 38. Kc5 f5 39. Kd6 f4 40. gxf4+ Kxf4 41. Rh5 e4 42. Rh3 Kg4 43. Rg3+ Kf4 44. Ra3 Kf5 45. Ra8 Kf4 46. Rf8+ Kg4 47. Ke5 Kh3 48. Kf4 Kg2 49. Ke3 Kh3 50. Rf4 Kh2 51. Rg4 Kh3 52. Kf4 Kh2 53. Rg3 Kh1 54. Rg5 Kh2 55. Rh5+ Kg2 56. Ke3 Kg1 57. Rh4 Kg2 58. Rh6 Kg1 59. Rh7 Kg2 60. Rh4 Kg1 61. Rg4+ Kh2 62. Rxe4 Bxe4 63. Kxe4 Kh3 64. f4 Kg4 65. f5 Kg5 66. Ke5 c5 67. f6 1-0